000
00256nam a22001217a 4500
008
180910b xxu||||| |||| 00| 0 eng d
041
_a
eng
080
_2
3 ED
_a
579
100
_a
11
101
_a
MIC
245
_a
Microbiology
_c
Nester.R
942
_2
udc
_c
BK
999
_c
47621
_d
47621